00505nam a2200181Ia 450000500170000000800410001702000150005808200210007310000140009424500810010826000520018930000170024165000100025865000140026865000140028265000130029665000140030920250205000440.0240331s9999 xx 000 0 und d a0195099621 bORR24234a305.4 aOrr, L. C 0aDonors, Devotees, and Daughters of God:bTemple Women in Medieval Tamilnadu  aNew YorkaOxfordbOxford University Pressc2000 axii, 305 p., aWomen aMedieval  aTamilnadu aDevotees aReligion